[Event "Sachsen-ch U18"]
[Site "Sebnitz"]
[Date "2012.04.12"]
[Round "4"]
[White "Schamschurko, Victor"]
[Black "Dumke, Fabian"]
[Result "1-0"]
[WhiteElo "1730"]
[BlackElo "1581"]
[PlyCount "65"]
[EventDate "2012.04.10"]
[EventType "swiss"]
[EventRounds "7"]
[EventCountry "GER"]
[SourceTitle "CBM 148 Extra"]
[Source "ChessBase"]
[SourceDate "2012.06.22"]
[SourceVersion "1"]
[SourceVersionDate "2012.06.22"]
[SourceQuality "1"]

1. e4 e5 2. Nf3 Nc6 3. Bc4 Bc5 4. c3 Nf6 5. d3 0-0 6. Bg5 h6 7. Bh4 Be7 8. Nbd2 d6 9. Bb3 Be6 10. Bc2 d5 11. Qe2 dxe4 12. dxe4 Nd7 13. Bg3 Re8 14. h3 Bf6 15. 0-0 Nb6 16. b4 a6 17. a4 Nd7 18. Rfd1 Qe7 19. Nf1 Nf8 20. Ne3 Red8 21. Nd5 Bxd5 22. exd5 Nb8 23. Be4 Re8 24. Re1 Kh8 25. Rad1 Qd6 26. Nd4 Nbd7 27. Nf5 Qb6 28. a5 Qa7 29. Qc4 b5 30. Qb3 Nh7 31. d6 Rad8 32. dxc7 Qxc7 33. Nd6 1-0